Техника средств связи. Серия : Вычислительная техника в системах связи (ВТСС): научно-технический сборник

Bibliografiske detaljer
Institution som forfatter: Экос
Sprog:russisk
Udgivet: Москва, 1983-1985
Fag:
Format: MixedMaterials Serial
KOHA link:https://koha.lib.tpu.ru/cgi-bin/koha/opac-detail.pl?biblionumber=380204

MARC

LEADER 00000nas1a2200000 4500
001 380204
005 20231102013124.0
035 |a (RuTPU)RU\TPU\prd\999 
035 |a BOOK00001000 
090 |a 380204 
100 |a 20011210b k y0rusy50 ca 
101 0 |a rus 
102 |a RU 
110 |a aiaz 0uu0 
200 1 |a Техника средств связи. Серия : Вычислительная техника в системах связи (ВТСС)  |e научно-технический сборник  |f Центральный отраслевой орган научно-технической информации "Экос" 
210 |a Москва  |d 1983-1985 
326 |a 3 номера в год 
610 1 |a средства связи 
610 1 |a вычислительная техника 
610 1 |a программное обеспечение 
610 1 |a моделирование 
610 1 |a программные комплексы 
675 |a 621.391  |v 3 
712 0 2 |a Экос  |c Центральный отраслевой орган научно-технической информации  |c (Москва)  |2 stltpush  |3 (RuTPU)RU\TPU\col\19239  |9 27417 
801 0 |a RU  |b 63413507  |c 20011210  |g PSBO 
801 2 |a RU  |b 63413507  |c 20140129  |g RCR 
942 |c CR